| 000 | 00679nam a2200241 i 4500 | ||
|---|---|---|---|
| 003 | DO-SdBNP | ||
| 005 | 20250113132137.0 | ||
| 007 | ta | ||
| 008 | 250113b1973 dr a|||| |||| 00| 0 spa d | ||
| 040 |
_aDO-SdBNP _bspa _cBNPHU _erda |
||
| 041 | _hspa | ||
| 082 | 4 |
_axxx _bJ121 _222 |
|
| 100 | _950422 | ||
| 245 | 1 | 3 |
_aJaca cuenta cuentos / _cHéctor Inchaustegui Cabral |
| 264 |
_aSanto Domingo : _bAsociación Dominicana de Rehabilitación, _c1973 |
||
| 300 |
_a32 páginas ; _c16 cm. |
||
| 336 |
_2rdacontent _atexto _btxt |
||
| 337 |
_2rdamedia _asin mediación _bn |
||
| 338 |
_2rdacarrier _avolumen _bnc |
||
| 590 | _aInventariado, 2025/DG | ||
| 910 | _aDG | ||
| 942 |
_2ddc _cLF2 |
||
| 999 |
_c58035 _d58035 |
||